Nueve del treinta /
Nueve del treinta (2002) es una colección de nueve ensayos de Adolfo Castañón, la mayor parte procedentes del volumen Arbitrario de la literatura mexicana (1993), sobre otros tantos autores mexicanos nacidos en la década de 1930: Salvador Elizondo (1932-2006), Juan García Ponce (1932-2003), Carlos M...
-д хадгалсан:
| Үндсэн зохиолч: | |
|---|---|
| Формат: | Ном |
| Хэл сонгох: | испани |
| Хэвлэсэн: |
México :
Ediciones Sin Nombre : CONACULTA,
2002, c2002
|
| Цуврал: | (La Centena. Ensayo)
|
| Нөхцлүүд: | |
| Шошгууд: |
Шошго байхгүй, Энэхүү баримтыг шошголох эхний хүн болох!
|
MARC
| LEADER | 00000nam^a2200000^a^4500 | ||
|---|---|---|---|
| 001 | 000150850 | ||
| 005 | 20250521000000.0 | ||
| 009 | 20260310100150.158 | ||
| 020 | |a 970-18-8141-9 | ||
| 037 | |a Acervo ITESO - Biblioteca | ||
| 041 | |a ESP | ||
| 082 | |a 860. 972063 |b CAS | ||
| 100 | |a Castañón, Adolfo |e (autor) | ||
| 240 | 1 | 1 | |a [Arbitrario de literatura mexicana] |
| 240 | 1 | 1 | |a [Paseos, de Adolfo Castañón] |
| 245 | 1 | 0 | |a Nueve del treinta / |c A. Castañón. |
| 264 | 4 | |a México : |b Ediciones Sin Nombre : |b CONACULTA, |c 2002, c2002 | |
| 300 | |a 109 p. | ||
| 336 | |a texto |b txt |2 rdacontenido | ||
| 337 | |a sin mediación |b n |2 rdamedio | ||
| 338 | |a volumen |b nc |2 rdasoporte | ||
| 440 | 4 | |a (La Centena. |p Ensayo) | |
| 520 | |a Nueve del treinta (2002) es una colección de nueve ensayos de Adolfo Castañón, la mayor parte procedentes del volumen Arbitrario de la literatura mexicana (1993), sobre otros tantos autores mexicanos nacidos en la década de 1930: Salvador Elizondo (1932-2006), Juan García Ponce (1932-2003), Carlos Monsiváis (1938-2010), Fernando del Paso (1935-2018), José Emilio Pacheco (1939-2014), Sergio Pitol (1933-2018), Elena Poniatowska (1933), Alejandro Rossi (1932-2009) y Gabriel Zaid (1934). Asimismo, Castañón ya había recogido anteriormente los textos sobre Elizondo, Del Paso y Monsiváis en el volumen Breve arbitrario de la literatura mexicana (1999). | ||
| 545 | 0 | |a Adolfo Castañón (Ciudad de México, 1952), escritor que ha practicado diversos géneros literarios, estudió Letras en la UNAM y ha ejercido la docencia e investigación en el Instituto de Investigaciones Filológicas de la misma Universidad. Ha colaborado en Vuelta, Letras Libres y Nexos, entre numerosas revistas nacionales y extranjeras, y desempeñado diversos cargos, desde mediados de la década de 1970, en el Fondo de Cultura Económica. Entre su extensa producción ensayística, que comprende el ciclo de libros a los que ha asignado el subtítulo de Paseos, se cuentan Cheque y carnaval (1983), Alfonso Reyes, caballero de la voz errante (1991), Arbitrario de literatura mexicana (1993), La gruta tiene dos entradas (1994, Premio Mazatlán de Literatura 1995), Por el país de Montaigne (1995), Lugares que pasan (1998) y Lectura y catarsis: tres papeles sobre George Steiner, seguidos de un ensayo bibliográfico y de una hemerografía del autor (2000). Sombra pido a una fuente (1992), La otra mano del tañedor (1996), Cielos de Antigua (1997), Recuerdos de Coyoacán (1998), Tránsito de Octavio Paz, 1914-1998 (1999) y Agua ensimismada (2007) forman parte de su obra poética. Los volúmenes Fuera del aire (1978) y El pabellón de la límpida soledad (1988) figuran entre los cuentos de Castañón, reconocido con el Premio Xavier Villaurrutia por Viaje a México: ensayos, crónicas y retratos (2008). Coeditor de A treinta años de Plural, 1971-1976: revista editada por Octavio Paz (2001) y uno de los responsables de la selección de Entre la poesía y el conocimiento: antología de ensayos críticos sobre poetas y poesía iberoamericana (2001), de Ramón Xirau, ha traducido a Jean-Jacques Rosseau, Gilles Vigneault, George Steiner y Louis Panabiére. Miembro de número de la Academia Mexicana de la Lengua desde 2003 y miembro honorario a partir de 2005, es reconocido con el Premio Nacional de Artes y Literatura, categoría Lingüística y Literatura, en 2020. | |
| 586 | |a Premio de Literatura Latinoamericana y del Caribe Juan Rulfo 1999: Biografías, crítica e interpretación | ||
| 586 | |a Premio de Literatura Latinoamericana y del Caribe Juan Rulfo 2001: Biografías, crítica e interpretación | ||
| 586 | |a Premio FIL de Literatura 2006: Biografías, crítica e interpretación | ||
| 586 | |a Premio FIL de Literatura 2007: Biografías, crítica e interpretación | ||
| 586 | |a Premio Miguel de Cervantes 2005: Biografías, crítica e interpretación | ||
| 586 | |a Premio Miguel de Cervantes 2009: Biografías, crítica e interpretación | ||
| 586 | |a Premio Miguel de Cervantes 2013: Biografías, crítica e interpretación | ||
| 586 | |a Premio Miguel de Cervantes 2015: Biografías, crítica e interpretación | ||
| 586 | |a Premio Reina Sofía de Poesía Iberoamericana 2009: Biografías, crítica e interpretación | ||
| 586 | |a Premio Nacional de Ciencias y Artes, categoría Lingüística y Literatura (40°: 1989): Biografías, crítica e interpretación | ||
| 586 | |a Premio Nacional de Ciencias y Artes, categoría Lingüística y Literatura (41°: 1990): Biografías, crítica e interpretación | ||
| 586 | |a Premio Nacional de Ciencias y Artes, categoría Lingüística y Literatura (42°: 1991): Biografías, crítica e interpretación | ||
| 586 | |a Premio Nacional de Ciencias y Artes, categoría Lingüística y Literatura (43°: 1992): Biografías, crítica e interpretación | ||
| 586 | |a Premio Nacional de Ciencias y Artes, categoría Lingüística y Literatura (44°: 1993): Biografías, crítica e interpretación | ||
| 586 | |a Premio Nacional de Ciencias y Artes, categoría Lingüística y Literatura (53°: 2002), ex aequo: Biografías, crítica e interpretación | ||
| 586 | |a Premio Nacional de Ciencias y Artes, categoría Lingüística y Literatura (56°: 2005): Biografías, crítica e interpretación | ||
| 586 | |a Premio Nacional de Ciencias y Artes, categoría Lingüística y Literatura (71°: 2020) | ||
| 649 | |a XX | ||
| 650 | |a Escritores Mexicanos | ||
| 650 | |a Mujeres Mexicanas | ||
| 650 | |a Ensayos Mexicanos | ||
| 650 | |a Generación del Medio Siglo (Literatura Mexicana) - |x Historia y Crítica - |x Tema Principal | ||
| 650 | |a Literatura Mexicana - |x Historia y Crítica | ||
| 650 | |a Literatura Mexicana - |y Siglo XX | ||
| 650 | |a Elizondo, Salvador | ||
| 650 | |a García Ponce, Juan | ||
| 650 | |a Monsiváis, Carlos | ||
| 650 | |a Pacheco, José Emilio | ||
| 650 | |a Paso, Fernando del | ||
| 650 | |a Pitol, Sergio | ||
| 650 | |a Poniatowska, Elena | ||
| 650 | |a Rossi, Alejandro | ||
| 650 | |a Zaid, Gabriel | ||
| 910 | |a Fondo General | ||
| 920 | |a Impresos - Libros | ||
| 930 | |a Colección General | ||
| 940 | |a Literatura | ||
| 905 | |a 101 | ||
| 901 | |a 0500080898 |b IT1 |c LIT |u 20250521 | ||
| 902 | |a https://opac.biblio.iteso.mx/vufind/Record/000150850 | ||